[Event "Fujitsu Siemens Giants"]
[Site "Frankfurt"]
[Date "2000.06.24"]
[Round "7"]
[White "Kramnik, Vladimir"]
[Black "Shirov, Alexei"]
[Result "1/2-1/2"]
[WhiteElo "2758"]
[BlackElo "2751"]
[Annotator "Lutz,C"]
[PlyCount "62"]
[EventDate "2000.06.22"]
[EventType "tourn"]
[EventRounds "10"]
[EventCountry "GER"]
[EventCategory "21"]
[SourceTitle "CBM 078"]
[Source "ChessBase"]
[SourceDate "2000.10.18"]
[SourceVersion "1"]
[SourceVersionDate "2000.10.18"]
[SourceQuality "1"]

1. Nf3 d5 2. d4 c6 3. c4 Nf6 4. e3 e6 5. Bd3 Nbd7 6. O-O Bd6 7. Nc3 O-O 8. Qc2
e5 {Diese Variante führt mehr oder weniger forciert zu einem schlechteren
Endspiel für Schwarz, in dem die Remisaussichten aber sehr groß sind.} 9. cxd5
cxd5 10. e4 dxe4 11. Nxe4 Nxe4 12. Bxe4 h6 13. Be3 exd4 14. Bh7+ Kh8 15. Bxd4
Nf6 16. Bf5 {Kramnik hatte diese Stellung schon einmal auf dem Brett,
allerdings auf der anderen Seite, gegen Karpov. Er erlitt damals eine
Niederlage und strebt nun natürlich mit Weiß den ganzen Punkt an. Allerdings
verteidigt Shirov sich besser als damals Kramnik.} Qa5 (16... Bxf5 $6 17. Qxf5
Qc8 18. Qb5 a6 19. Qb6 Qc7 20. Qxc7 Bxc7 21. Bxf6 gxf6 22. Rfe1 Rfe8 23. Rad1
$14 {1-0 Karpov,A-Kramnik,V/Vienna 1996/CBM 55/[Lutz] (59)}) 17. Bxc8 Rfxc8 18.
Qb3 Qd5 19. Bxf6 (19. Rfd1 Qxb3 20. axb3 Ne4 21. Bxa7 (21. Rxa7 $146 Rxa7 22.
Bxa7 Rc2 23. Bd4 $14 {1-0 Solozhenkin,E-Komarov,D/Reggio Emilia 1998/CBM 69/
[Lutz] (45)}) 21... Rc2 22. Ra4 Bc5 23. Bxc5 Rxa4 24. bxa4 Nxc5 25. h4 Nxa4 26.
Rd7 Rxb2 27. Rxf7 Kg8 28. Rc7 b5 29. Nd4 {1/2-1/2 Tkachiev,V-Relange,E/
Hastings Premier 9798 1998/CBM 63/[Lutz]}) 19... Qxb3 20. axb3 $146 {Kramnik
verzichtet auf den Mehrbauern und nutzt das gewonnene Tempo, um seine Figuren
zu aktivieren. Im Vergleich zur Partie Karpov-Kramnik (s.o.) ist jedoch der
weiße Damenflügel schwach, so dass Shirov keine Probleme hat, das
Unentschieden zu sichern.} (20. Bxg7+ Kxg7 21. axb3 Be7 $1 $44 {1/2-1/2 Bareev,
E-Dreev,A/Elista 1998/CBM 65/[Lutz] (25) Schwarz stellt den Läufer nach f6 und
hat Kompensation. Für Weiß ist es sehr schwer, den Mehrbauern zu verwerten.})
20... gxf6 21. Rfd1 Rd8 22. g3 Bc5 23. Kg2 Bb6 24. Rac1 Rxd1 25. Rxd1 Rc8 26.
Rd2 Rc5 27. Nh4 h5 28. f4 Rb5 {Der schwache weiße Damenflügel macht sich
bemerkbar.} 29. Rd3 Rc5 30. Rd2 Rb5 31. Rd3 Rc5 1/2-1/2

[Event "Malakoff op 09th"]
[Site "Malakoff"]
[Date "2009.04.12"]
[Round "2"]
[White "Guilleux, Fabien"]
[Black "Sveshnikov, Evgeny"]
[Result "1/2-1/2"]
[WhiteElo "2313"]
[BlackElo "2554"]
[Annotator "Malakoff/Primel,D"]
[PlyCount "64"]
[EventDate "2009.04.11"]
[EventType "swiss"]
[EventRounds "9"]
[EventCountry "FRA"]
[SourceTitle "EXT 2010"]
[Source "ChessBase"]
[SourceDate "2010.11.25"]
[SourceVersion "1"]
[SourceVersionDate "2010.11.25"]
[SourceQuality "1"]

1. d4 {1h27} d5 2. c4 c6 3. Nf3 Nf6 4. e3 e6 5. Bd3 Nbd7 6. O-O Bd6 (6... dxc4
{la varainte de Meran donne probablement plus de contre-jeu aux noirs.}) 7. Nc3
O-O 8. e4 $1 dxc4 (8... dxe4) 9. Bxc4 e5 $8 10. Bg5 (10. h3 $5 {Jakovenko,D 
(2691)-Bocharov,D (2602) Moscow Aeroflot op-A 2007 (5) 1-0}) 10... Qc7 $6 {
le système choisi par le GMI est assez passif et les noirs ont du mal а
trouver du contre-jeu.} (10... Qe7 $142 {Janowski,D-Chigorin,M Budapest 1896 
(4) 0-1}) 11. d5 $14 {1h15} Nb6 12. Bb3 Nfd7 13. dxc6 $1 $146 {1H13} (13. Rc1
$143 {Vidmar,M-Jaffe,C Karlsbad 1911 (21) 1-0}) 13... bxc6 14. Na4 Bb7 (14...
Ba6) 15. Rc1 Nxa4 16. Bxa4 {[%csl Rb7,Rc6]} Nc5 17. Nd2 (17. Bc2 $143 Ba6 $132)
17... Ne6 18. Nc4 {37 mns les blancs commencaient а être retard} Bc5 19. Qg4
$11 Bd4 20. Ne3 $1 {[%cal Ge3f5]} c5 21. Nf5 $40 {[%cal Gf5g7,Gg4g7]} Bxe4 22.
Nxg7 $3 {[%cal Gg4e4,Gg5f6]} Nxg5 (22... Nxg7 $2 23. Qxe4 $16) 23. Qxg5 f6 24.
Ne6+ {14 mns} (24. Qg4 Qxg7 25. Qxe4) 24... fxg5 25. Nxc7 Rab8 26. Bb3+ Kh8 27.
Ne6 Rfc8 28. Nxg5 $2 Bd3 29. Rfe1 $2 (29. Nf7+) 29... c4 $40 30. Nf7+ Kg7 31.
Nd6 cxb3 $1 32. Nxc8 bxa2 {la fin est bizarre} 1/2-1/2

[Event "EU-ch 12th"]
[Site "Aix les Bains"]
[Date "2011.04.01"]
[Round "10"]
[White "Svidler, Peter"]
[Black "Kobalia, Mihail"]
[Result "1-0"]
[WhiteElo "2730"]
[BlackElo "2672"]
[Annotator "Marchand,A/Primel,D"]
[PlyCount "127"]
[EventDate "2011.03.22"]
[EventType "swiss"]
[EventRounds "11"]
[EventCountry "FRA"]
[SourceTitle "CBM 142 Extra"]
[Source "ChessBase"]
[SourceDate "2011.06.27"]
[SourceVersion "1"]
[SourceVersionDate "2011.06.27"]
[SourceQuality "1"]
[TimeControl "40/5400+30:1800+30"]

1. d4 d5 2. c4 c6 3. Nc3 Nf6 4. e3 e6 5. Nf3 Nbd7 6. Qc2 Bd6 7. Bd3 O-O 8. O-O
dxc4 9. Bxc4 a6 (9... b5 {La grande ligne} 10. Bd3 Bb7) 10. Rd1 {88} b5 {83}
11. Bd3 {85} Bb7 {76} (11... Qc7 {L'alternative} 12. Bd2 c5 13. Ne4 $1 c4 14.
Nxd6 Qxd6 15. Be2 Bb7 $132 16. b3 Bd5 {Jakovenko,D (2729)-Ragger,M (2654)
EU-ch 13th Plovdiv 2012 (8) 1/2}) 12. Ng5 {[%csl Rh7] Après 15 mns de
réflexion sur ce coup, le russe évite la ligne principale 12.e4 pour provoquer
un petit affablissement de l'aile-roi} (12. e4 e5 {Van Wely,L (2605)-Kramnik,V
(2790) Amber-rapid 07th 1998 (1) 0-1}) (12. Bd2 c5 13. Ne4 Bxe4) 12... h6 {82}
13. Nge4 {[%cal Ge4d6]} Be7 14. a3 a5 {[%cal Gb5b4]} 15. Rb1 $5 {56} (15. Bd2
Qb6 {Pashikian,A (2640)-Andriasian,Z (2585) ARM-ch 71st Yerevan 2011 (6) 1/2})
(15. Nxf6+ Bxf6 16. Ne4 Be7 17. b3 Qb6 18. Bb2 Rfc8 {[%cal Gc8c2]} (18... Rac8)
19. Qe2 b4 $11 {Jakovenko,D (2736)-Yevseev,D (2529) RUS-ch Higher League 65th
2012 (2) 1/2}) 15... b4 {57} (15... Nxe4 16. Nxe4) (15... Rc8 16. Nxf6+ Nxf6
17. Ne4 (17. e4 c5 18. dxc5 (18. e5) 18... Bxc5 19. e5 Nd5 20. Nxb5 Qh4 $44)
17... Nxe4 18. Bxe4 Qb6 {[%cal Gc6c5]}) (15... Qb6 {[%cal Gc6c5]} 16. b4 {
[%csl Rc5,Rc6]} axb4 $11 {Gavrilov,A (2481)-Balazs,G (2383) Budapest FS07 GM
2011 (4.4) 1/2}) 16. Nxf6+ {[%csl Gc5] Continuant la lutte pour le contrôle
indirect de la case "c5"} Bxf6 17. Ne4 $1 {[%csl Gc5]} Be7 18. Nc5 $14 {
[%csl Rb7,Gc5][%cal Gd1d8] 37} Bxc5 {50} (18... Nxc5 {Semblait un peu plus
solide pour éviter les faiblesses sur cases Noires en gardant le B} 19. dxc5 {
[%cal Gd3h7,Gd1d8]} Qc7 (19... Qb8) 20. Bd2 $14) 19. dxc5 {[%cal Gd1d8]} Qe7 {
[%csl Rc5][%cal Ge7c5,Gd7c5]} (19... b3 $5 {Les Noirs ont tenté d'améliorer la
partie quelques semaines plus tard avec b3 mais les Blancs gardent aussi un
petit avantage d'ouverture} 20. Qxb3 Nxc5 {[%cal Gc5b3,Gc5b7,Gc5d3]} 21. Bh7+
Kh8 22. Rxd8 Nxb3 23. Rxf8+ Rxf8 24. Bc2 Nxc1 25. Rxc1 $14 {[%csl Rb7,Gc1,Gc2,
Rc6] Les Blancs ont une meilleure finale mais les qualités de défense d'un TOP
GMI suffisent а annuler cette position.} Rd8 26. h3 (26. Kf1 c5 (26... Rd2 27.
Ke1) 27. Bd1 (27. Bb3 Rd2) 27... Rd2 28. Bf3 Ba6+ 29. Ke1 Rxb2 30. Rxc5 Rb5)
26... Rd2 27. b4 axb4 28. axb4 Rd5 29. Be4 Rb5 30. Rc4 Kg8 31. Bxc6 {1/2-1/2
Svidler,P (2730)-Caruana,F (2716)/Olginka 2011}) 20. axb4 axb4 21. Bd2 {
[%cal Gd2b4,Gb4e7]} b3 22. Qxb3 Nxc5 23. Bb4 $1 {Probablement oublié par les
Noirs lorsqu'ils ont choisi de jouer Bc5} Nxb3 24. Bxe7 Rfe8 25. Bd6 {[%csl
Gd6] La paire de B donne une petite initiative aux Blancs} Ba6 26. Bc2 (26. Be4
) 26... Bc4 {[%csl Gb3] le Nb3 gêne un peu les Blancs et il est important de
l'y maintenir} 27. h4 Ra5 28. f3 {[%cal Gg1f2,Ge3e4]} Rea8 29. Bb4 Rd5 30. Be4
$1 {[%cal Ge4c6] 24} (30. Kf2) 30... Rxd1+ $6 {Résoud le problème de la Rb1
qui manquait d'activité} (30... Be2 $142 $5 31. Re1 Bd3 32. Bxd3 Rxd3 33. Rbd1
Rad8 34. Rxd3 Rxd3 $11) (30... Rb8 $5 31. Bxd5 cxd5 $44 {[%csl Rb1,Rb2]}) 31.
Rxd1 $16 {[%csl Gb4,Rc4,Rc6,Gd1,Ge4]} Rb8 32. Rd7 Bd5 33. Bd6 Ra8 34. Bd3 {
[%cal Ge3e4]} Nc1 35. Bf1 (35. Bc2 $5 {[%csl Gd7,Rg8,Rh7][%cal Gd7d8]}) 35...
Bb3 36. g4 {[%cal Gg4g5]} (36. Ba3 $5 {[%csl Ra8,Gd7]} Rc8 {[%cal Gc6c5]} 37.
Rb7 Bc2 38. Kf2) 36... Ra5 37. Bb4 (37. e4) 37... Ra1 (37... Rd5 38. Rxd5 cxd5
39. Kf2 f6 40. Bd2 $1 Na2 {[%csl Ra2] la finale est aussi sans espoirs pour
les Noirs}) 38. Kf2 e5 39. Rc7 e4 $5 40. fxe4 Bc2 41. Bc3 Nd3+ 42. Kg2 Ne1+ (
42... Rb1 43. Rxc6 Nxb2) 43. Kg3 Nd3 (43... Bxe4) 44. Bg2 {Les Noirs n'ont
rien obtenu tactiquement en compensation du P e4 sacrifié} Nc5 45. e5 Be4 $6 {
Il va y avoir une surcharge} 46. e6 $1 $36 {[%csl Gc3][%cal Gc7g7,Gc3g7,Gg2e4]}
fxe6 47. b4 $40 {[%csl Ra1,Re4]} (47. Rxg7+ Kf8 48. b4 Rg1 49. bxc5 Rxg2+ 50.
Kf4 Bd5 51. Ra7 $36 {[%csl Rf8]}) 47... Rg1 48. Rxg7+ Kf8 49. bxc5 Rxg2+ 50.
Kf4 Bd3 51. Rc7 Be2 52. g5 $18 hxg5+ 53. hxg5 Bc4 54. Rxc6 Rf2+ 55. Kg3 Rc2 56.
Bf6 Kf7 57. Rc7+ Kg6 58. e4 Bd3 59. Kf4 Rg2 60. Kf3 Rc2 61. Rg7+ Kh5 62. Rh7+
Kg6 63. Rh6+ Kf7 64. Be5 1-0

[Event "EU-ch 12th"]
[Site "Aix les Bains"]
[Date "2011.03.30"]
[Round "8"]
[White "Wojtaszek, Radoslaw"]
[Black "Potkin, Vladimir"]
[Result "1/2-1/2"]
[WhiteElo "2711"]
[BlackElo "2653"]
[Annotator "Marchand,A/Primel,D"]
[PlyCount "76"]
[EventDate "2011.03.22"]
[EventType "swiss"]
[EventRounds "11"]
[EventCountry "FRA"]
[SourceTitle "CBM 142 Extra"]
[Source "ChessBase"]
[SourceDate "2011.06.27"]
[SourceVersion "1"]
[SourceVersionDate "2011.06.27"]
[SourceQuality "1"]
[TimeControl "40/5400+30:1800+30"]

1. d4 {Le polonais double les Blancs} d5 2. c4 c6 3. Nc3 Nf6 4. e3 e6 5. Nf3
Nbd7 6. Bd3 (6. Qc2) 6... dxc4 7. Bxc4 b5 8. Bd3 (8. Be2) 8... Bd6 9. O-O O-O
10. Qc2 Bb7 11. a3 a5 12. e4 e5 13. dxe5 Nxe5 14. Nxe5 Bxe5 15. h3 Ba6 {
[%cal Gb5b4,Ga6d3]} ({RR} 15... Re8 16. Be3 Qc7 17. Rad1 Rad8 18. Ne2 Bd6 19.
Nd4 Nh5 20. Rfe1 Nf4 21. Bf1 Ne6 22. Nxe6 Rxe6 23. f4 f6 24. Qb3 Qf7 25. Bb6 a4
26. Qa2 Rd7 27. Be2 g6 28. e5 Bc7 29. Bxc7 Rxc7 30. Bg4 {Kramnik,V (2785)
-Anand,V (2801)/Moscow 2007/CBM 121 Extra/1/2-1/2 (47)}) (15... b4) (15... Qe7
16. Be3 Rfe8 {Ivanisevic,I (2628)-Sedlak,N (2546) Kostic Memorial 16th 2010 (7)
1/2}) 16. Rb1 {[%cal Gb2b4] Une nouveauté qui ne fait pas très bonne
impression car les Noirs vont réussir la poussée "c5" malgré tout assez
facilement} (16. Rd1 {Giri,A (2677)-Shirov,A (2749) Hoogeveen Unive Crown 14th
2010 (3) 1/2}) 16... Re8 (16... b4 17. Bxa6 Rxa6 18. Na4 {[%csl Gc5]} c5 19.
Be3 Rc6 20. axb4 axb4 21. Qc4 Qc7 22. Rbc1 Rc8 23. f4 {1/2-1/2 Smirnov,P (2539)
-Potkin,V (2653)/Olginka 2011/Mega2011 Update 18}) (16... Qe7 $5 17. b4) 17.
Rd1 Qe7 18. b4 $5 {[%csl Ra6,Rc6]} axb4 19. axb4 Rac8 20. Ne2 Bb8 21. Nd4 c5
$132 22. bxc5 Qe5 23. Nf3 Qxc5 24. Qa2 Bb7 25. Ba3 (25. Rxb5 Qxc1 26. Rxc1
Rxc1+ 27. Bf1 Bxe4 $44) 25... Qa7 26. Bxb5 Red8 $11 27. Rxd8+ Rxd8 28. e5 Bxf3
29. exf6 Bd6 30. Ra1 Bxa3 31. Qxa3 Qxa3 32. Rxa3 Be4 33. Rg3 Bg6 34. h4 Rd1+
35. Kh2 Rd4 36. fxg7 Rxh4+ 37. Rh3 Rxh3+ 38. Kxh3 Kxg7 1/2-1/2

[Event "Excelsior Cup"]
[Site "Gothenburg"]
[Date "1999.01.10"]
[Round "4"]
[White "Marin, Mihail"]
[Black "Ziegler, Ari"]
[Result "1-0"]
[WhiteElo "2527"]
[BlackElo "2402"]
[Annotator "Marin,M"]
[PlyCount "127"]
[EventDate "1999.01.07"]
[EventType "tourn"]
[EventRounds "9"]
[EventCountry "SWE"]
[EventCategory "10"]
[SourceTitle "CBM 069"]
[Source "ChessBase"]
[SourceDate "1999.04.01"]
[SourceVersion "1"]
[SourceVersionDate "1999.04.01"]
[SourceQuality "1"]

1. c4 c6 2. Nf3 d5 3. e3 Nf6 4. Nc3 e6 5. d4 Nbd7 6. Qc2 Bd6 7. Bd3 O-O 8. O-O
h6 9. Rd1 e5 10. cxd5 cxd5 11. Nb5 Bb8 12. dxe5 Nxe5 13. Nbd4 (13. Be2) 13...
Bg4 (13... Nxd3 14. Qxd3 (14. Rxd3 $5) 14... Ne4 15. b3 Bg4 16. Bb2 Ng5) 14.
Be2 Qd6 15. g3 a6 (15... Ne4 16. Nxe5 Bxe2 17. Nxe2 (17. Qxe2 Qxe5 $13) 17...
Qxe5 18. Nf4 Rd8 19. Qb3 Qe8 {Hillarp Persson} (19... Nc5 20. Qb4 b6 21. Bd2
Qe4) 20. Nxd5 Ng5 $44) 16. Bd2 (16. Nxe5 $5) 16... Re8 $6 (16... Ba7 17. Nxe5
$5 (17. Nf5 $6 Qe6 18. N3d4 Bxf5 19. Qxf5 Bxd4 20. Qxe6 fxe6 21. exd4 Nc6 $11))
(16... Ne4 $5) 17. Bc3 Nxf3+ (17... Qd7 18. Qb3) 18. Bxf3 Bxf3 19. Nxf3 Ne4 20.
Qb3 Ba7 (20... Nxc3 21. Qxc3 $16 (21. bxc3)) 21. Rxd5 (21. Qxb7 $5) 21... Qe6
22. Be5 Rac8 (22... Nc5 23. Qd1) 23. Rad1 f6 (23... Qf5 24. Bf4 (24. Kg2 Nxf2
25. Kxf2 Rc2+ $40) 24... Qg4 25. Kg2 (25. Rd7)) 24. Bd4 (24. Qxb7 Bxe3) 24...
Bb8 $6 (24... Bxd4 $142 25. Nxd4 Qf7 26. Nf5 Kh8) 25. Bb6 Kh7 (25... Kh8 $5 26.
Rd8 Qxb3 (26... Rcxd8 27. Rxd8 Qxb3 28. Rxe8+ Qg8 29. Rxg8+ Kxg8 30. Kf1) 27.
Rxe8+ Rxe8 28. axb3 Re6 $1) 26. Nd4 Qh3 27. Qd3 Kh8 28. Qf1 Qxf1+ (28... Qg4
29. f3) 29. Kxf1 Nd6 30. Ba7 (30. b3) 30... Nc4 (30... Bxa7 31. Rxd6 Bxd4 32.
R1xd4 Rc2 33. Rb6 $16) 31. Bxb8 Rxb8 32. b3 Ne5 33. Rc1 Rbc8 34. Rdc5 Rxc5 35.
Rxc5 Re7 36. Ke2 (36. Rc8+ Kh7 37. Ke2 Kg6 38. h3 h5) 36... Kg8 37. h3 Rd7 38.
f4 Ng6 39. h4 Kf7 40. h5 Ne7 41. b4 g6 42. hxg6+ Kxg6 43. a3 (43. g4 Nd5) 43...
h5 44. Kf3 (44. Kf2) 44... Kh6 45. Kf2 Kg6 46. Ke2 Kh6 47. Kf3 Kg6 48. Ke4 Kh6
49. a4 Kg6 (49... b6 50. Nf5+ Kg6 (50... Nxf5 51. Rxf5 Kg6 52. Rd5) 51. Nh4+ (
51. Nxe7+ Rxe7+) 51... Kh6 52. Rc3 $18 Kg7 (52... Nd5 53. Rd3) 53. Nf5+) 50. a5
Kh6 51. Nf5+ Kg6 (51... Nxf5 52. Kxf5 Rd3 53. e4 Rxg3 54. Kxf6 h4 55. e5 h3 56.
Rc1 Rg6+ 57. Kf5 h2 58. Rh1 Rg2 59. Ke6 Kg7 60. f5 Rf2 61. f6+ Kf8 62. Rc1 Kg8
63. Ke7 $18) 52. Nh4+ Kh6 53. Nf5+ Kg6 54. Nd4 Kh6 55. b5 axb5 (55... Kg6 56.
b6) 56. Rxb5 Kg6 (56... Rc7 57. Nf5+) 57. Rc5 Kh6 (57... Rd6 58. Rc7 Nd5 59.
Rg7+ Kxg7 60. Nf5+ Kf8 61. Nxd6) (57... Rd8 58. f5+ (58. Rc7 Re8 (58... Nd5 59.
Rg7+ Kxg7 60. Ne6+ Kg8 61. Nxd8) 59. Kd3 Nd5) 58... Kh6 59. Rc7 Nc8 60. Nb5)
58. Nf5+ Kg6 (58... Nxf5 59. Kxf5 Rd3 60. e4 Rxg3 61. Kxf6 h4 62. e5 h3 63. Rc1
) 59. Nxe7+ Rxe7+ 60. Kf3 Re8 61. Rb5 Ra8 62. e4 Ra6 63. Kg2 (63. Rb6 Rxa5 64.
e5 Ra6) 63... Rc6 (63... Ra7 64. Kh3 Ra6 65. Kh4 Rc6 66. Rxb7 Rc1 67. Kh3 Rc4
68. Re7 Ra4 69. e5 $18 Rxa5 70. Re6) 64. Rb6 (64. Rb6 Rxb6 65. axb6 Kf7 66. Kh3
$18) 1-0